000 00856nas a2200277 4500
001 BR0201292
003 BR-BrBNA
005 20231205102808.0
007 ta
008 230509b bl.|||p| |||| 00| 00por d
040 _aBR-BrBNA
_bpor
_cBiblioteca Nacional de Agricultura
041 _a(Pt)
072 _aF02
100 1 _aDenardi, F.
100 1 _aSpengler, M.M.
245 1 _aComportamento da cultivar de macieira Fuji (Malus domestica, Borkh.)sobre três diferentes porta-enxertos
650 _aMAÇÃ
650 _aPORTA ENXERTO
650 _aPRODUTIVIDADE
650 _aPODRIDÃO DO COLO
650 _aESTATURA DE PLANTA
650 _aQUALIDADE
773 0 _tRevista Brasileira de Fruticultura (Brazil)
_xISSN 0100-2945
_g(Dec 2001), v. 23(3) p. 630-633
_wBR0201292
909 _a202311
_bLúcia
_c55
_dLúcia Elande
942 _2AGRIS
_n0
_cANA
999 _c169360
_d169360